| 000 | 01166nam a2200277 a 4500 | ||
|---|---|---|---|
| 001 | 38640 | ||
| 003 | BD-RjUL | ||
| 005 | 20211209052831.0 | ||
| 008 | 150817s1975 ii ||||| |||| 001 0 ben d | ||
| 020 | _c: Tk. 80.00 (V-1) | ||
| 020 | _c(V-4) | ||
| 035 | _a(BD-RjUL)38748 | ||
| 040 |
_aBD-RjUL _bben _cBD-RjUL _dBD-RjUL |
||
| 041 | _aben | ||
| 082 |
_a954.14 _bMAB 1975 _223 |
||
| 100 | 1 |
_aমজুমদার, রমেশচন্দ্র _9116616 |
|
| 245 | 1 | 0 |
_aবাংলা দেশের ইতিহাস / _cরমেশচন্দ্র মজুমদার প্রণীত |
| 250 | _a১ম সং. | ||
| 260 |
_aকলিকাতা : _bজেনারেল প্রিন্টার্স এণ্ড পাবলিশার্স, _c১৯৭৫ |
||
| 300 |
_a খণ্ড : _bচিত্র ; _c২১ সেমি. |
||
| 504 | _aগ্রন্থপঞ্জী সংযুক্ত | ||
| 505 | 0 | _aখণ্ড ৪, (১৯০৫-১৯৪৭) [মুক্তিসংগ্রাম] --- | |
| 651 |
_aবাংলাদেশ _xইতিহাস _9136280 |
||
| 651 |
_aBangladesh _xHistory _9136281 |
||
| 942 |
_2ddc _cBK |
||
| 999 |
_c38640 _d38640 |
||